Cestou necestou : Kniha vzpomínek / Eva Vrchlická
Record details
- Physical Description: 262-[IV] s. : [XXII] s. obr. příl. ; 8°
- Edition: První vydání
- Publisher: V Praze : Čs. Kompas, 1946
Content descriptions
| General Note: | Obálka a grafická úprava podle návrhu Zdeňka Rossmanna |
Search for related items by series
Available copies
- 1 of 1 copy available at Common Catalog SPOK.
Holds
- 0 current holds with 1 total copy.
Show All Copies
| Location | Call Number / Copy Notes | Barcode | Shelving Location | Status | Due Date |
|---|---|---|---|---|---|
| KDS Library | 810 VrE | 204576801503 | Library | Available | - |
| LDR | 00772nam a22002291 4500 | ||
|---|---|---|---|
| 001 | 21147 | ||
| 003 | CZ-PrJAB | ||
| 005 | 20150713093054.0 | ||
| 008 | 980428s1946 xr ||| | cze | ||
| 015 | . | ‡acnb000501821 | |
| 035 | . | ‡a(CZ PrNK)bk194604391 | |
| 035 | . | ‡a(OCoLC)85303562 | |
| 040 | . | ‡aABA001 ‡bcze ‡cABA001 ‡dABA001 | |
| 100 | 1 | . | ‡aVrchlická, Eva, ‡d1888-1969 ‡7jk01151035 ‡4aut |
| 245 | 1 | 0. | ‡aCestou necestou : ‡bKniha vzpomínek / ‡cEva Vrchlická |
| 250 | . | ‡aPrvní vydání | |
| 260 | . | ‡aV Praze : ‡bČs. Kompas, ‡c1946 | |
| 300 | . | ‡a262-[IV] s. : ‡b[XXII] s. obr. příl. ; ‡c8° | |
| 490 | 1 | . | ‡aUmělci o sobě a o všem ; ‡vSv. 14 |
| 500 | . | ‡aObálka a grafická úprava podle návrhu Zdeňka Rossmanna | |
| 830 | 0. | ‡aUmělci o sobě a o všem (Československý Kompas) | |
| 910 | . | ‡aABE463 | |
| 998 | . | ‡a000501821 | |
| 901 | . | ‡a21147 ‡b ‡c21147 ‡tbiblio | |